Score 0/26 Timer 03:00
1 Play Today
Clue 4-Letter Word % Correct
Group of people who make musicBAND
97.6%
Not fakeREAL
97.5%
Not aliveDEAD
96.6%
Come down, as a planeLAND
96.6%
Make something curve or foldBEND
96.1%
Give temporarilyLEND
95.9%
Birthday gift accompanierCARD
95.7%
Grain for tortillasCORN
95.6%
The noisemaker on an automobileHORN
95.5%
Animal fatLARD
95.4%
Distribute cards to players in a card gameDEAL
94.9%
Electrical cableCORD
93.3%
Meat from a calfVEAL
93.2%
Clue 4-Letter Word % Correct
Camping enclosureTENT
91.6%
Take care of a gardenTEND
89.7%
RepairMEND
88.2%
Peruse wordsREAD
87%
Pb on the tableLEAD
86.9%
A bit of colorTINT
86.1%
Honey-based beverageMEAD
85.9%
Fork prongTINE
79.7%
A musical noteTONE
75.7%
The noisy sound from an automobileHONK
74.2%
Face of a clockDIAL
74%
Small glass bottleVIAL
73.6%
Sharpen, as a knife or techniqueHONE
72.7%

Today's Daily Dose

Remove Ads.
Support Sporcle.
Get the best of Sporcle when you Go Orange. This ad-free experience offers more features, more stats, and more fun while also helping to support Sporcle. Thank you for becoming a member.

You're not logged in!

Compare scores with friends on all Sporcle quizzes.
OR
Log In

Show Comments

Extras

Top Quizzes Today


Score Distribution

Your Account Isn't Verified!

In order to create a playlist on Sporcle, you need to verify the email address you used during registration. Go to your Sporcle Settings to finish the process.

Report this User

Report this user for behavior that violates our Community Guidelines.

Details: